| 000 | 01347nam0a2200325 4500 | ||
|---|---|---|---|
| 001 | RU\NLR\BIBL_A\022574933 | ||
| 005 | 20250803042324.0 | ||
| 010 |
_a978-5-4484-5466-0 _9500 |
||
| 035 | _a(NLR Aleph) 022574933 | ||
| 090 |
_a13447248 _c13447248 |
||
| 100 | _a20250627d2025 |||y0rusy50 ca | ||
| 101 | 0 | _arus | |
| 102 | _aRU | ||
| 105 | _aac z 000yy | ||
| 181 | 0 |
_ai _baxxe |
|
| 182 | 0 | _an | |
| 200 | 1 |
_aРусская диалектика _eнаука о развитии и смысле жизни _eк счастливому будущему - через правду о всемирной лжи _eхрестоматия _fДробышев В. А. |
|
| 203 |
_aТекст _bвизуальный _cнепосредственный |
||
| 205 | _a3-е изд., доп. | ||
| 210 |
_aМосква _cВече _d2025 |
||
| 215 |
_a251, [4] с. _cил., портр. _d24 |
||
| 333 | _a16+ | ||
| 606 | 1 |
_aРусские _xНациональная идентичность _xОригинальные теории _92608626 _3RU\NLR\AUTH\661545184 |
|
| 606 | 1 |
_aФилософия _xОригинальные теории _92148326 _3RU\NLR\AUTH\661598728 |
|
| 686 | 1 | _aС550.65 | |
| 700 | 1 |
_aДробышев _bВ. А. _gВячеслав Андреевич |
|
| 942 | _cBOOK | ||
| 980 | _aNB | ||